[Event "TCh-HUN 2024-25"]
[Site "Hungary HUN"]
[Date "2025.05.09"]
[Round "7.4"]
[White "Bakos, Balazs"]
[Black "Pechac, Jergus"]
[Result "0-1"]
[WhiteTitle "FM"]
[BlackTitle "GM"]
[WhiteElo "2380"]
[BlackElo "2598"]
[WhiteTeam "Kekesi SE"]
[BlackTeam "Sentimento Ajka BSK"]
[WhiteFideId "725773"]
[BlackFideId "14926970"]
[EventDate "2024.11.02"]

1. d4 Nf6 2. c4 e6 3. Nf3 d5 4. g3 Bb4+ 5. Bd2 a5 6. Bg2 O-O 7. O-O dxc4 8. Qc2
Bxd2 9. Nbxd2 b5 10. a4 c6 11. b3 cxb3 12. Nxb3 Ba6 13. Rfc1 bxa4 14. Nc5 Bb5
15. Nxa4 Nbd7 16. e4 Qe7 17. Nc3 h6 18. Rcb1 Rfc8 19. Qd2 a4 20. Nxb5 cxb5 21.
Ne5 Rab8 22. Qa5 Nxe5 23. dxe5 Ng4 24. Rxb5 Rxb5 25. Qxb5 Qa7 26. Ra2 Nxf2 27.
Rxf2 Rc2 0-1

[Event "TCh-HUN 2024-25"]
[Site "Hungary HUN"]
[Date "2025.05.09"]
[Round "7.5"]
[White "Balog, Imre"]
[Black "Istvanovszki, Martin"]
[Result "1-0"]
[WhiteTitle "GM"]
[BlackTitle "FM"]
[WhiteElo "2618"]
[BlackElo "2310"]
[WhiteTeam "Sentimento Ajka BSK"]
[BlackTeam "Kekesi SE"]
[WhiteFideId "728446"]
[BlackFideId "726958"]
[EventDate "2024.11.02"]

1. d4 d6 2. e4 g6 3. Nf3 Bg7 4. Bc4 e6 5. Qe2 a6 6. a4 b6 7. c3 Bb7 8. Bg5 Ne7
9. Nbd2 h6 10. Bf4 Nd7 11. h3 g5 12. Be3 Ng6 13. g3 Qe7 14. Bd3 e5 15. Rg1 Kf8
16. O-O-O a5 17. Kb1 Re8 18. d5 Bc8 19. Ba6 Nf6 20. Bxc8 Rxc8 21. h4 Qd7 22.
hxg5 hxg5 23. Nxg5 Qxa4 24. f4 Rb8 25. Rc1 Kg8 26. f5 Nf8 27. g4 N8d7 28. b3 Qa3
29. Rc2 Nc5 30. Rb2 a4 31. Nc4 Nfxe4 32. Nxe4 Nxe4 33. Qe1 Qxb2+ 34. Kxb2 Rh2+
35. Nd2 Nc5 36. Qg3 Re2 37. Rg2 Nd3+ 38. Ka3 Re1 39. Rg1 Re2 40. f6 axb3 41.
fxg7 b2 42. Qh3 b1=N+ 43. Rxb1 1-0

[Event "TCh-HUN 2024-25"]
[Site "Hungary HUN"]
[Date "2025.05.09"]
[Round "7.6"]
[White "Bohati, Tamas"]
[Black "Neugebauer, Martin"]
[Result "0-1"]
[BlackTitle "IM"]
[WhiteElo "2223"]
[BlackElo "2525"]
[WhiteTeam "Kekesi SE"]
[BlackTeam "Sentimento Ajka BSK"]
[WhiteFideId "714810"]
[BlackFideId "14923432"]
[EventDate "2024.11.02"]

1. e4 c5 2. Nf3 Nc6 3. Bb5 e6 4. O-O Nge7 5. Re1 a6 6. Bf1 d5 7. d3 d4 8. a4 e5
9. Nbd2 Ng6 10. Nc4 Bd6 11. h4 Bc7 12. h5 Nf8 13. Be2 Ne6 14. g3 Rb8 15. Nh4 b5
16. Na3 g6 17. Bg4 Bd6 18. Ng2 Ng7 19. h6 Ne6 20. f4 exf4 21. gxf4 O-O 22. e5
Bc7 23. Qf3 Ne7 24. Qg3 Kh8 25. axb5 axb5 26. Bd2 f6 27. Qh3 Nf5 28. Bxf5 gxf5
29. exf6 Qxf6 30. Re2 Rg8 31. Kf2 Bb7 32. Nh4 Nxf4 0-1

[Event "TCh-HUN 2024-25"]
[Site "Hungary HUN"]
[Date "2025.05.09"]
[Round "7.7"]
[White "Korpa, Bence"]
[Black "Blasko, Istvan"]
[Result "1-0"]
[WhiteTitle "GM"]
[BlackTitle "IM"]
[WhiteElo "2544"]
[BlackElo "2259"]
[WhiteTeam "Sentimento Ajka BSK"]
[BlackTeam "Kekesi SE"]
[WhiteFideId "706671"]
[BlackFideId "718181"]
[EventDate "2024.11.02"]

1. d4 Nf6 2. Nc3 e6 3. Bf4 c5 4. e3 cxd4 5. exd4 d6 6. Nf3 Be7 7. Bd3 O-O 8. Qe2
a6 9. g4 Nc6 10. g5 Nd7 11. O-O-O Nb4 12. h4 b5 13. h5 Nxd3+ 14. Rxd3 b4 15. Ne4
Bb7 16. Bd2 Qa5 17. Bxb4 Qd5 18. Nc3 Qf5 19. Rg1 a5 20. Ba3 Ba6 21. Qe3 Bxd3 22.
Nh4 Bxg5 23. Rxg5 Qf6 24. cxd3 h6 25. Rg4 e5 26. d5 e4 27. d4 Rae8 28. Nxe4 Rc8+
29. Kd1 1-0

[Event "TCh-HUN 2024-25"]
[Site "Hungary HUN"]
[Date "2025.05.09"]
[Round "7.8"]
[White "Mede, Istvan"]
[Black "Aveskulov, Valeriy"]
[Result "0-1"]
[WhiteTitle "FM"]
[BlackTitle "GM"]
[WhiteElo "2141"]
[BlackElo "2488"]
[WhiteTeam "Kekesi SE"]
[BlackTeam "Sentimento Ajka BSK"]
[WhiteFideId "711535"]
[BlackFideId "14109743"]
[EventDate "2024.11.02"]

1. e4 c5 2. Nf3 d6 3. d4 Nf6 4. Nc3 cxd4 5. Nxd4 a6 6. h3 e5 7. Nde2 h5 8. g3
Be6 9. Bg2 Nbd7 10. O-O Rc8 11. Nd5 Nxd5 12. exd5 Bf5 13. c3 Qb6 14. b3 Nf6 15.
c4 Be7 16. Be3 Qc7 17. Rc1 Qd7 18. Kh2 Be4 19. Nc3 Bxg2 20. Kxg2 Qf5 21. f4 Qd7
22. Qd3 h4 23. fxe5 dxe5 24. Qf5 hxg3 25. Qxd7+ Kxd7 26. Bg5 Rcf8 27. Bxf6 Bxf6
28. Ne4 Be7 29. c5 f5 30. Nxg3 g6 31. Rfd1 Bg5 32. Rc4 Rc8 33. c6+ Kd6 34. cxb7
Rxc4 35. bxc4 Rb8 36. Rb1 Kc5 37. a3 e4 38. d6 Kxc4 39. d7 Kc5 40. Ne2 Kc6 41.
Rd1 Kc7 42. Nd4 Kxd7 43. Nxf5+ Kc7 44. Nd6 Be7 45. Nxe4 Rxb7 46. Rd3 Rb5 47. Nc3
Rg5+ 48. Kf3 Bxa3 49. Nd5+ Kb7 50. Rb3+ Ka7 51. Ke4 Bd6 52. Rf3 Kb7 53. Rb3+ Kc6
54. Rc3+ Kd7 55. Nb6+ Ke6 56. Rc6 Rc5 57. Rxc5 Bxc5 58. Nc4 Bd6 59. Na5 Bc7 60.
Nb3 Bb6 61. Nd2 a5 62. Nc4 Bd8 63. Nb2 Kd6 64. Nc4+ Ke6 65. Nb2 Bf6 66. Nd3 Kd6
67. Nf4 a4 68. Kd3 a3 0-1

[Event "TCh-HUN 2024-25"]
[Site "Hungary HUN"]
[Date "2025.05.09"]
[Round "7.9"]
[White "Gaal, Zsoka"]
[Black "Onodi, Tamas"]
[Result "1/2-1/2"]
[WhiteTitle "WIM"]
[WhiteElo "2425"]
[BlackElo "2013"]
[WhiteTeam "Sentimento Ajka BSK"]
[BlackTeam "Kekesi SE"]
[WhiteFideId "777765"]
[BlackFideId "784915"]
[EventDate "2024.11.02"]

1. d4 d5 2. c4 c6 3. cxd5 cxd5 4. Bf4 Nc6 5. Nc3 Nf6 6. e3 Bf5 7. Nf3 e6 8. Qb3
Qb6 9. Qxb6 axb6 10. Nh4 Bg4 11. f3 Bh5 12. g4 Bg6 13. g5 Nd7 14. Nxg6 hxg6 15.
a3 Bb4 16. Rc1 Bxc3+ 17. Rxc3 Ke7 18. Kf2 Rhc8 19. Be2 Na7 20. Rhc1 Rc6 21. e4
Rac8 22. Bf1 dxe4 23. fxe4 e5 24. Be3 exd4 25. Bxd4 Nc5 26. Re1 Ne6 27. Rxc6
Nxc6 28. Bxb6 Rh8 29. Kg3 Nxg5 30. Bc5+ Ke6 31. h4 Rxh4 32. Bc4+ Ke5 33. Bd6+
Kd4 34. Rd1+ Kxc4 35. Kxh4 Nxe4 36. Bf4 f6 37. Re1 Kd3 38. Kg4 Nd4 39. Kh3 Ne2
40. Bh2 f5 41. Rd1+ Kc2 42. Rd7 Kxb2 43. Rxb7+ Kxa3 44. Rxg7 g5 45. Be5 Kb3 46.
Rf7 f4 47. Kg4 Kc4 48. Bf6 Kd3 49. Bxg5 Nxg5 50. Kxg5 Ke3 51. Kg4 Kf2 52. Ra7
Kg2 53. Ra3 Kf2 54. Rd3 Kg2 55. Rf3 Ng1 56. Rxf4 Ne2 57. Rf3 Nd4 58. Rd3 Ne2 59.
Kf5 Kf2 60. Ra3 Ng3+ 61. Kf4 Ne2+ 62. Ke4 Ng3+ 63. Kd4 Ne2+ 64. Kd3 Nf4+ 65. Ke4
Ng2 66. Ra2+ Kg3 67. Rb2 Nh4 68. Rb3+ Kg4 69. Ra3 Nf5 70. Ra4 Ng3+ 71. Ke3+ Kg5
72. Kf3 Nh5 73. Ra5+ Kg6 74. Kg4 Nf6+ 75. Kf4 Nh5+ 76. Ke5 Kg5 77. Ra7 Kg6 78.
Ra1 Ng7 79. Rf1 Nh5 80. Rf8 Ng7 81. Rf6+ Kg5 82. Rf1 Kg6 83. Rg1+ Kf7 84. Rg5
Ne8 85. Rh5 Ng7 86. Rh6 Ne8 87. Rb6 Ng7 88. Ra6 Ne8 89. Ra7+ Kg6 90. Rb7 Ng7 91.
Re7 Nh5 92. Re6+ Kf7 93. Rh6 Ng7 94. Rf6+ Ke7 95. Rf1 Ne8 96. Re1 Kd7 97. Rh1
Nc7 98. Rh7+ Kc6 99. Re7 Nb5 100. Re6+ Kc5 101. Ra6 Nc3 102. Ra1 Kc4 103. Ra8
Kd3 104. Rc8 Ne2 105. Rd8+ Ke3 106. Rd1 Nc3 107. Rh1 Kd3 108. Rh3+ 1/2-1/2

[Event "TCh-HUN 2024-25"]
[Site "Hungary HUN"]
[Date "2025.05.09"]
[Round "7.10"]
[White "Molnar, Lidia Emilia"]
[Black "Pasti, Aron"]
[Result "0-1"]
[BlackTitle "IM"]
[WhiteElo "1843"]
[BlackElo "2355"]
[WhiteTeam "Kekesi SE"]
[BlackTeam "Sentimento Ajka BSK"]
[WhiteFideId "17009715"]
[BlackFideId "785857"]
[EventDate "2024.11.02"]

1. d4 e6 2. Bf4 c5 3. e3 Nc6 4. c3 Nf6 5. Nd2 b6 6. Ngf3 Bb7 7. Bd3 Nh5 8. Bg3
Nxg3 9. hxg3 g6 10. O-O Bg7 11. Rb1 Qe7 12. Re1 O-O 13. dxc5 bxc5 14. e4 d6 15.
Nc4 Rfd8 16. Qe2 Qc7 17. Rbd1 d5 18. exd5 exd5 19. Ne3 d4 20. cxd4 Nxd4 21. Nxd4
Bxd4 22. Nc4 Qxg3 0-1

[Event "TCh-HUN 2024-25"]
[Site "Hungary HUN"]
[Date "2025.05.09"]
[Round "7.1"]
[White "Perunovic, Milos"]
[Black "Brkic, Ante"]
[Result "1/2-1/2"]
[WhiteTitle "GM"]
[BlackTitle "GM"]
[WhiteElo "2508"]
[BlackElo "2608"]
[WhiteTeam "Maroczy SE"]
[BlackTeam "Aquarena Kobanya SC"]
[WhiteFideId "921629"]
[BlackFideId "14506688"]
[EventDate "2024.11.02"]

1. e4 c5 2. Nf3 d6 3. d4 cxd4 4. Nxd4 Nf6 5. Nc3 a6 6. Be3 e5 7. Nf3 Be7 8. Bc4
O-O 9. O-O Nc6 10. Bb3 Be6 11. Bg5 Nd7 12. Bxe7 Qxe7 13. Nd5 Qd8 14. c3 Na5 15.
Re1 Rc8 16. h3 Nc5 17. Bc2 Nc4 18. b4 Nd7 19. Bb3 b5 20. Re2 h6 21. a4 Ndb6 22.
Nxb6 Qxb6 23. axb5 axb5 24. Rea2 Qc6 25. Qe2 Ra8 26. Rxa8 Rxa8 27. Rxa8+ Qxa8
28. Kh2 Qc6 29. Bxc4 Bxc4 30. Qe3 Be6 31. Nd2 Kf8 1/2-1/2

[Event "TCh-HUN 2024-25"]
[Site "Hungary HUN"]
[Date "2025.05.09"]
[Round "7.2"]
[White "Livaic, Leon"]
[Black "Stankovic, Milos"]
[Result "1/2-1/2"]
[WhiteTitle "GM"]
[BlackTitle "IM"]
[WhiteElo "2557"]
[BlackElo "2471"]
[WhiteTeam "Aquarena Kobanya SC"]
[BlackTeam "Maroczy SE"]
[WhiteFideId "14531534"]
[BlackFideId "938190"]
[EventDate "2024.11.02"]

1. d4 d5 2. c4 e6 3. Nf3 Nf6 4. g3 Bd6 5. Bg5 O-O 6. Nbd2 Nc6 7. e3 dxc4 8. Bg2
h6 9. Bxf6 Qxf6 10. Nxc4 e5 11. d5 Bb4+ 12. Nfd2 b5 13. Na3 Na5 14. O-O Rb8 15.
Nc2 Bd6 16. Ne4 Qg6 17. Nxd6 cxd6 18. Nb4 Bg4 19. Qe1 Rbc8 20. b3 h5 21. h4 Qf6
22. Qd2 Bf3 23. e4 Bxg2 24. Kxg2 Qg6 25. f3 f5 26. Qg5 Qxg5 27. hxg5 Kh7 28.
exf5 Rxf5 29. Rac1 Rff8 30. Rxc8 Rxc8 31. f4 Kg6 32. fxe5 dxe5 33. Kh3 e4 34.
Kg2 e3 35. Re1 Re8 36. d6 Rd8 37. Rxe3 Rxd6 38. Re7 Nc6 39. Nxc6 Rxc6 40. Rxa7
Rc5 41. Ra5 Rxg5 42. a4 h4 43. Rxb5 Rxg3+ 44. Kh2 Rd3 45. a5 Kf6 46. Rb4 Ke6 47.
a6 Rd8 48. Kh3 Kd5 49. Rb6 g5 50. b4 Rh8 51. b5 Kc5 52. Rb7 g4+ 53. Kxg4 h3 54.
Rc7+ Kxb5 55. Rc1 Kxa6 56. Rh1 Rg8+ 57. Kxh3 Rh8+ 58. Kg2 Rxh1 59. Kxh1 1/2-1/2

[Event "TCh-HUN 2024-25"]
[Site "Hungary HUN"]
[Date "2025.05.09"]
[Round "7.3"]
[White "Palkovi, Jozsef"]
[Black "Nagy, Gabor1"]
[Result "0-1"]
[WhiteTitle "IM"]
[BlackTitle "GM"]
[WhiteElo "2376"]
[BlackElo "2458"]
[WhiteTeam "Maroczy SE"]
[BlackTeam "Aquarena Kobanya SC"]
[WhiteFideId "700150"]
[BlackFideId "737119"]
[EventDate "2024.11.02"]

1. e4 e5 2. Nf3 Nc6 3. Nc3 Nf6 4. d4 Bb4 5. dxe5 Nxe4 6. a3 Bxc3+ 7. bxc3 d5 8.
c4 Be6 9. cxd5 Qxd5 10. Qxd5 Bxd5 11. Bb2 O-O-O 12. Bb5 Nc5 13. O-O-O Ne6 14.
Bxc6 Bxc6 15. Nd4 Bxg2 16. Rhg1 Nf4 17. Rd2 Rhe8 18. Re1 a6 19. f3 Bh3 20. Nb3
Rxd2 21. Nxd2 Bf5 22. Nc4 Bg6 23. Bc3 Re6 24. Ne3 b6 25. Kd2 a5 26. Rg1 h5 27.
Ng2 Nd5 28. Bb2 Rc6 29. c3 Rc5 30. Nh4 Nf4 31. Nxg6 fxg6 32. Ke3 Rc4 33. Rd1 Ne6
34. Rf1 g5 35. Kd3 Rh4 36. Rf2 Nf4+ 37. Kc2 Kd7 38. c4 Ne6 39. Kc3 Rf4 40. Bc1
Rf5 0-1

[Event "TCh-HUN 2024-25"]
[Site "Hungary HUN"]
[Date "2025.05.09"]
[Round "7.4"]
[White "Berczes, David"]
[Black "Peczely, Sebastian Zsombor"]
[Result "1-0"]
[WhiteTitle "GM"]
[BlackTitle "FM"]
[WhiteElo "2413"]
[BlackElo "2306"]
[WhiteTeam "Aquarena Kobanya SC"]
[BlackTeam "Maroczy SE"]
[WhiteFideId "722960"]
[BlackFideId "750964"]
[EventDate "2024.11.02"]

1. d4 d5 2. c4 c6 3. Nf3 Nf6 4. e3 Bg4 5. h3 Bxf3 6. Qxf3 Nbd7 7. Nc3 e5 8. cxd5
cxd5 9. dxe5 Nxe5 10. Bb5+ Nc6 11. O-O Bb4 12. e4 Bxc3 13. Bxc6+ bxc6 14. Qxc3
O-O 15. exd5 Qxd5 16. Be3 a5 17. Rfd1 Qe6 18. Rac1 Rfc8 19. Bd4 Nd5 20. Qf3 Qg6
21. Rc4 f5 22. Rdc1 Qe6 23. Qg3 g6 24. b3 h6 25. Qd3 Nf4 26. Qd2 g5 27. Be3 Rd8
28. Qc2 Nd3 29. Rxc6 Qf7 30. Rc7 Qf6 31. Qc4+ Kh8 32. Rd1 f4 33. Rxd3 fxe3 34.
Rxe3 Rd1+ 35. Kh2 Rf8 36. Qe4 Qd6+ 37. Qe5+ Qxe5+ 38. Rxe5 Rd2 39. Rxa5 1-0

[Event "TCh-HUN 2024-25"]
[Site "Hungary HUN"]
[Date "2025.05.09"]
[Round "7.5"]
[White "Tesik, Csaba"]
[Black "Karacsonyi, Gellert"]
[Result "0-1"]
[WhiteTitle "FM"]
[BlackTitle "IM"]
[WhiteElo "2290"]
[BlackElo "2390"]
[WhiteTeam "Maroczy SE"]
[BlackTeam "Aquarena Kobanya SC"]
[WhiteFideId "735582"]
[BlackFideId "764620"]
[EventDate "2024.11.02"]

1. e4 e5 2. Nf3 Nc6 3. Bb5 a6 4. Ba4 f5 5. d4 exd4 6. e5 b5 7. Bb3 Bb7 8. O-O
Na5 9. Nxd4 c5 10. Bxg8 cxd4 11. Bb3 Nxb3 12. axb3 Qb6 13. c3 dxc3 14. Nxc3 Bc5
15. Qh5+ Qg6 16. Qxg6+ hxg6 17. Re1 Kf7 18. Be3 Be7 19. Rad1 Bc6 20. Nd5 Bd8 21.
Nb4 Re8 22. Nxc6 dxc6 23. Rd6 Rxe5 24. Rxc6 f4 25. Bd2 Rxe1+ 26. Bxe1 Bf6 27.
Bc3 Bxc3 28. bxc3 a5 29. Rb6 a4 30. bxa4 bxa4 31. Rb1 a3 32. Ra1 Ke6 33. Kf1 Kd5
34. Ke2 Kc4 35. Kd2 a2 36. Kc2 g5 37. f3 g6 38. Kb2 Rb8+ 39. Kc2 Re8 40. Rxa2
Re2+ 41. Kb1 Rxa2 42. Kxa2 Kxc3 43. Ka3 Kd3 44. Kb3 Ke3 45. Kc4 Kf2 0-1

[Event "TCh-HUN 2024-25"]
[Site "Hungary HUN"]
[Date "2025.05.09"]
[Round "7.6"]
[White "Horvath, Adam1"]
[Black "Papp, Bence"]
[Result "1/2-1/2"]
[WhiteTitle "GM"]
[BlackTitle "FM"]
[WhiteElo "2384"]
[BlackElo "2244"]
[WhiteTeam "Aquarena Kobanya SC"]
[BlackTeam "Maroczy SE"]
[WhiteFideId "708003"]
[BlackFideId "788384"]
[EventDate "2024.11.02"]

1. e4 e6 2. Qe2 c5 3. Nf3 Nc6 4. g3 g6 5. Bg2 Bg7 6. O-O Nge7 7. c3 O-O 8. d3 e5
9. a3 a5 10. a4 d5 11. exd5 Nxd5 12. Nbd2 Bf5 13. Ne4 b6 14. h3 h6 15. Nfd2 Qd7
16. Kh2 Rad8 17. Nc4 Qc7 18. Re1 Be6 19. Ned2 Rfe8 20. Qf1 Kh7 21. Na3 Na7 22.
Nac4 Nc6 23. Na3 Na7 24. Ndc4 Bf5 25. Bxd5 Rxd5 26. Ne3 Rdd8 27. Nxf5 gxf5 28.
Nc4 Nc8 29. f4 e4 30. dxe4 Rxe4 31. Rxe4 fxe4 32. Be3 Rd3 33. Re1 Qd7 34. Ne5
Bxe5 35. fxe5 Qe6 36. Qf4 Qg6 37. h4 Ne7 38. Qf2 Qf5 39. Qg2 Ng6 40. Rf1 Qxe5
41. Rxf7+ Kg8 42. Bf4 Qe6 43. Rc7 h5 44. Qf1 Qf5 45. Rb7 Ne5 46. Rb8+ Kh7 47.
Rb7+ Kg8 48. Rb8+ Kh7 49. Rb7+ Nd7 50. Qe2 Qd5 51. Rxd7+ Qxd7 52. Qxh5+ Kg8 53.
Qg6+ Qg7 54. Qxe4 Rd7 55. Qe6+ Qf7 56. Qxb6 Qf5 57. Qxa5 Qc2+ 58. Kh3 Qf5+ 59.
Kh2 Qc2+ 60. Kh3 Qf5+ 1/2-1/2

[Event "TCh-HUN 2024-25"]
[Site "Hungary HUN"]
[Date "2025.05.09"]
[Round "7.7"]
[White "Tubak, Daniel"]
[Black "Szabo, Bence"]
[Result "1-0"]
[BlackTitle "IM"]
[WhiteElo "2240"]
[BlackElo "2341"]
[WhiteTeam "Maroczy SE"]
[BlackTeam "Aquarena Kobanya SC"]
[WhiteFideId "758582"]
[BlackFideId "733776"]
[EventDate "2024.11.02"]

1. Nf3 Nf6 2. d4 g6 3. g3 Bg7 4. Bg2 c5 5. c4 O-O 6. O-O d6 7. Nc3 Nc6 8. d5 Na5
9. Nd2 e6 10. Qc2 a6 11. b3 exd5 12. cxd5 b5 13. Bb2 Re8 14. e4 Bd7 15. Nd1 Rc8
16. Rc1 Nb7 17. Qb1 a5 18. a3 c4 19. b4 axb4 20. axb4 Ng4 21. Bxg7 Kxg7 22. Qb2+
Kg8 23. f4 Ra8 24. Kh1 Qf6 25. Nc3 Ra7 26. Rce1 Qd4 27. Nf3 Qb6 28. Qd2 Ra3 29.
h3 Nf6 30. Nd4 Nh5 31. Kh2 Ng7 32. g4 Nd8 33. e5 dxe5 34. fxe5 Qb8 35. d6 Nde6
36. Nd5 Rd3 37. Nf6+ Kh8 38. Qh6 Nf8 39. Nxd7 Nxd7 40. Rxf7 Rg8 41. Ne6 1-0

[Event "TCh-HUN 2024-25"]
[Site "Hungary HUN"]
[Date "2025.05.09"]
[Round "7.8"]
[White "Krizsany, Laszlo"]
[Black "Szajbely, Zsigmond"]
[Result "1/2-1/2"]
[WhiteTitle "IM"]
[BlackTitle "FM"]
[WhiteElo "2316"]
[BlackElo "2240"]
[WhiteTeam "Aquarena Kobanya SC"]
[BlackTeam "Maroczy SE"]
[WhiteFideId "701718"]
[BlackFideId "711691"]
[EventDate "2024.11.02"]

1. b3 b5 2. e3 Bb7 3. Nf3 b4 4. c4 bxc3 5. Nxc3 e6 6. Bb2 Nf6 7. d4 Bb4 8. Be2
O-O 9. O-O Ne4 10. Nxe4 Bxe4 11. Rc1 a5 12. Ne5 Nc6 13. f3 Bd5 14. Nd3 f5 15.
Nc5 Qg5 16. Qd3 Bxc5 17. Rxc5 Nb4 18. Qd2 Nxa2 19. Rxc7 Qd8 20. Rc5 d6 21. Rb5
Bc6 22. d5 Bxb5 23. Bxb5 Nb4 24. dxe6 Rc8 25. Bc3 Qe7 26. Bd7 Rc5 27. Bxb4 axb4
28. Qxb4 Rc2 29. Rf2 Rc1+ 30. Rf1 Rc2 31. Rf2 Rc1+ 32. Rf1 Rc2 1/2-1/2

[Event "TCh-HUN 2024-25"]
[Site "Hungary HUN"]
[Date "2025.05.09"]
[Round "7.9"]
[White "Puskas, Mihaly"]
[Black "Havanecz, Bianka"]
[Result "1-0"]
[BlackTitle "WIM"]
[WhiteElo "1929"]
[BlackElo "2196"]
[WhiteTeam "Maroczy SE"]
[BlackTeam "Aquarena Kobanya SC"]
[WhiteFideId "17003202"]
[BlackFideId "704814"]
[EventDate "2024.11.02"]

1. d4 d5 2. c4 e6 3. Nc3 Nf6 4. cxd5 exd5 5. Bg5 Be7 6. e3 c6 7. Bd3 Nbd7 8. Qc2
O-O 9. Nf3 Re8 10. O-O Nf8 11. h3 g6 12. Ne5 Ne6 13. Bh4 Ng7 14. g4 Nd7 15. Bg3
Nxe5 16. dxe5 Bh4 17. Bh2 h5 18. Qe2 hxg4 19. hxg4 Qg5 20. f3 Be6 21. Kh1 Rad8
22. Rg1 Qh6 23. f4 Bc8 24. Raf1 Ne6 25. f5 Nc5 26. Bb1 Bg5 27. e6 fxe6 28. fxg6
Rf8 29. Rg3 e5 30. Bf5 Kg7 31. Qg2 Rh8 32. b4 Ne6 33. Nd1 Rdf8 34. Nf2 Bf6 35.
Bxe6 Bxe6 36. g5 Qh5 37. gxf6+ Rxf6 38. Kg1 Rxg6 39. Rxg6+ Qxg6 40. Bxe5+ 1-0

[Event "TCh-HUN 2024-25"]
[Site "Hungary HUN"]
[Date "2025.05.09"]
[Round "7.10"]
[White "Karacsonyi, Bank"]
[Black "Puskasne Dr. Kisbodri, Cecilia"]
[Result "1-0"]
[WhiteElo "2031"]
[BlackElo "1476"]
[WhiteTeam "Aquarena Kobanya SC"]
[BlackTeam "Maroczy SE"]
[WhiteFideId "795488"]
[BlackFideId "17019931"]
[EventDate "2024.11.02"]

1. e4 c6 2. d4 d5 3. Nc3 e6 4. Nf3 Bb4 5. e5 Bxc3+ 6. bxc3 Qa5 7. Bd2 h6 8. Bd3
Ne7 9. O-O Nd7 10. a4 Qc7 11. c4 c5 12. cxd5 Nxd5 13. c4 Nb4 14. Be4 Nb6 15. Qb3
a5 16. Bxb4 cxb4 17. c5 Nd7 18. Rac1 Ra6 19. Bd3 Rc6 20. Bb5 O-O 21. Bxc6 Qxc6
22. Rfd1 Qd5 23. Qxd5 exd5 24. c6 Nb6 25. Rc5 Bg4 26. Rb5 Bxf3 27. gxf3 Nc4 28.
cxb7 Rb8 29. Rc1 Na3 30. Rc8+ Rxc8 31. bxc8=Q+ Kh7 32. Qf5+ g6 33. Qxf7+ Kh8 34.
Rb8# 1-0

[Event "TCh-HUN 2024-25"]
[Site "Hungary HUN"]
[Date "2025.05.09"]
[Round "7.1"]
[White "Mihok, Oliver"]
[Black "Plat, Vojtech"]
[Result "1/2-1/2"]
[WhiteTitle "GM"]
[BlackTitle "GM"]
[WhiteElo "2522"]
[BlackElo "2464"]
[WhiteTeam "Duocor-Makoi SVSE"]
[BlackTeam "Viadukt Biatorbagy"]
[WhiteFideId "728012"]
[BlackFideId "325740"]
[EventDate "2024.11.02"]

1. e4 e5 2. Nf3 Nc6 3. Bc4 Be7 4. O-O Nf6 5. Re1 O-O 6. d3 d6 7. a4 a5 8. c3 Be6
9. Bxe6 fxe6 10. Qb3 Qd7 11. Nbd2 Nh5 12. Nf1 Kh8 13. Qb5 Ra6 14. d4 Rb6 15. Qe2
exd4 16. Nxd4 Nxd4 17. cxd4 Qe8 18. Qc2 Rc6 19. Qb3 Rb6 20. Qc2 Rc6 21. Qb3 Rb6
22. Qc2 Rc6 1/2-1/2

[Event "TCh-HUN 2024-25"]
[Site "Hungary HUN"]
[Date "2025.05.09"]
[Round "7.2"]
[White "Sipos, Istvan"]
[Black "Csonka, Balazs"]
[Result "1/2-1/2"]
[WhiteTitle "IM"]
[BlackTitle "IM"]
[WhiteElo "2454"]
[BlackElo "2473"]
[WhiteTeam "Viadukt Biatorbagy"]
[BlackTeam "Duocor-Makoi SVSE"]
[WhiteFideId "720631"]
[BlackFideId "742910"]
[EventDate "2024.11.02"]

1. e4 e5 2. Nf3 Nf6 3. Nxe5 d6 4. Nf3 Nxe4 5. Nc3 Nxc3 6. dxc3 Be7 7. Be3 Nc6 8.
Qd2 Be6 9. O-O-O Qd7 10. Ng5 Bxg5 11. Bxg5 f6 12. Be3 a6 13. Be2 O-O-O 14. b3
Rhe8 15. Rhe1 Bg4 16. f3 Bf5 17. Kb2 h6 18. Bf2 Re7 19. Bf1 Rxe1 20. Rxe1 Re8
21. h3 Rxe1 22. Qxe1 Qe7 23. Qxe7 Nxe7 24. c4 c5 25. Kc3 Nc6 26. a3 a5 27. g4
Bh7 28. f4 Be4 29. Kd2 Kd7 30. c3 b6 1/2-1/2

[Event "TCh-HUN 2024-25"]
[Site "Hungary HUN"]
[Date "2025.05.09"]
[Round "7.3"]
[White "Kovacevic, Aleksandar"]
[Black "Bokros, Albert"]
[Result "1/2-1/2"]
[WhiteTitle "GM"]
[BlackTitle "IM"]
[WhiteElo "2447"]
[BlackElo "2396"]
[WhiteTeam "Duocor-Makoi SVSE"]
[BlackTeam "Viadukt Biatorbagy"]
[WhiteFideId "903124"]
[BlackFideId "710458"]
[EventDate "2024.11.02"]

1. Nf3 Nf6 2. g3 b6 3. Bg2 Bb7 4. c4 e6 5. O-O Be7 6. d4 O-O 7. Nc3 Ne4 8. Bd2
d6 9. d5 Nxd2 10. Qxd2 Bf6 11. e4 Nd7 12. Nd4 Bxd4 13. Qxd4 Qe7 14. Qd2 a5 15.
b3 Rfe8 16. dxe6 Qxe6 17. Nb5 Rac8 18. Rfe1 Nc5 19. f3 g6 20. Rad1 Re7 21. Re3
Rce8 22. Rde1 Qd7 23. Nd4 Qd8 24. h4 Ne6 25. Nb5 Ng7 26. Bh3 Bc8 27. Bxc8 Qxc8
28. Nc3 Qh3 29. Qg2 Qxg2+ 30. Kxg2 f6 31. Nd5 Rf7 32. f4 Kf8 33. g4 Ne6 34. Kg3
Kg7 35. Rd1 Nc5 36. Kf3 Rb8 37. a3 Na6 38. Nc3 Re8 39. Nb5 Rfe7 40. Nd4 Nc5 41.
Rde1 Ne6 42. Nc6 Rd7 43. Rd1 Nd8 44. Nxd8 Rdxd8 45. g5 Re7 46. gxf6+ Kxf6 47.
e5+ Kf7 48. Red3 Re6 49. b4 axb4 50. axb4 Rc8 51. Rd5 Ke7 52. Kg4 Rf8 1/2-1/2

[Event "TCh-HUN 2024-25"]
[Site "Hungary HUN"]
[Date "2025.05.09"]
[Round "7.4"]
[White "Vanczak, Tamas"]
[Black "Saric, Sinisa"]
[Result "1-0"]
[WhiteTitle "IM"]
[BlackTitle "IM"]
[WhiteElo "2413"]
[BlackElo "2370"]
[WhiteTeam "Viadukt Biatorbagy"]
[BlackTeam "Duocor-Makoi SVSE"]
[WhiteFideId "759929"]
[BlackFideId "925071"]
[EventDate "2024.11.02"]

1. e4 d5 2. exd5 Qxd5 3. Nc3 Qa5 4. d4 Nf6 5. Bd2 Bg4 6. Be2 Bxe2 7. Qxe2 Nc6 8.
Nf3 O-O-O 9. Nb5 Qb6 10. a4 e6 11. a5 Qa6 12. O-O h6 13. Rfb1 g5 14. b4 g4 15.
c4 gxf3 16. Qxf3 Be7 17. Bf4 Rd7 18. Be5 Bxb4 19. Bxf6 Rg8 20. g3 Be7 21. d5
exd5 22. cxd5 Nd8 23. Bd4 c5 24. Be3 Rg6 25. Ra2 Rf6 26. Qe4 Bd6 27. Rc2 b6 28.
Qc4 Qb7 29. Nxd6+ Rdxd6 30. Bxc5 Rxd5 31. Be7+ Rc6 32. Qxd5 1-0